Las condiciones objetivas de punibilidad

Saved in:
Bibliographic Details
Main Author: Martínez-Buján Pérez, Carlos (autor)
Format: Book
Language:Spanish
Published: Madrid EDERSA 1989
Edition:1a. ed
Series:Colección de Criminología y Derecho Penal, 52
Subjects:
Tags: Add Tag
No Tags, Be the first to tag this record!

MARC

LEADER 00000cam a2200000 a 4500
001 UCC4777
003 CL-VaPUC
008 180824e19890000sp |||||||||||||||||spa|d
020 |a 847130628X 
082 0 4 |a 345.04  |b MAR  |2 21 
100 |a Martínez-Buján Pérez, Carlos  |e autor  |9 602316 
245 1 4 |a Las condiciones objetivas de punibilidad 
250 |a 1a. ed 
300 |a 171 p 
942 |c BK 
945 |d 20180824 13:39:00  |a dcastane 
260 |a Madrid  |b EDERSA  |c 1989 
650 7 |a DERECHO PENAL  |2 CL-VaPUC  |9 11 
650 0 |a Teoría del delito  |9 258906 
650 7 |a PUNIBILIDAD  |2 CL-VaPUC  |9 447341 
583 |a last modification  |c 20180824 13:39:00  |k Rodrigo Vera 
490 0 |a Colección de Criminología y Derecho Penal, 52 
999 |c 372186  |d 372184 
952 |0 0  |1 0  |3 erb  |4 0  |6 345_040000000000000_MAR_1989  |7 0  |8 A  |9 489468  |a BIBDER  |b BIBDER  |e Mateluna Arestizabal, Alfredo Sergio  |i 5489458  |o 345.04 MAR 1989  |p 5489458  |r 2019-11-24  |w 2019-11-24  |y BK  |z Catalogado en:20180824  |k DER